LIBRARY & INFORMATION CENTRE, KCAET, TAVANUR

ONLINE PUBLIC ACCESS CATALOGUE (OPAC)

Text book of machine drawing / (Record no. 9214)

MARC details
000 -LEADER
fixed length control field 00479cam a2200193ua 4500
041 ## - LANGUAGE CODE
Language code of text/sound track or separate title eng
082 ## - DEWEY DECIMAL CLASSIFICATION NUMBER
Classification number 621.815
Item number LAK/TE
100 ## - MAIN ENTRY--AUTHOR NAME
Personal name Lakshminarayanan, V .
245 ## - TITLE STATEMENT
Title Text book of machine drawing /
250 ## - EDITION STATEMENT
Edition statement 7 /
260 ## - PUBLICATION, DISTRIBUTION, ETC. (IMPRINT)
Place of publication New Delhi :
Name of publisher Jain Brothers ,
Year of publication 1989.
300 ## - PHYSICAL DESCRIPTION
Number of Pages 434 ; .
700 1# - ADDED ENTRY--PERSONAL NAME
Personal name Mathur, M L.
942 ## - ADDED ENTRY ELEMENTS (KOHA)
Koha item type Books
Holdings
Withdrawn status Lost status Damaged status Home library Current library Date acquired Full call number Accession Number Koha item type
      KAUAET KAUAET 07/04/2012 621.815 18736 Books
free website counter